000 00405nam a22001697a 4500
999 _c5076
_d5074
005 20210908135605.0
008 160701b xxu||||| |||| 00| 0 eng d
020 _a818932003-3
041 _aeng
082 _b20413
100 _aSandhu, AS & Singh AP
_93398
245 _aA dictionary of medical plants
260 _bblack & white
_c2005
300 _a244
650 _aAgriculture
_92837
942 _cBK